De los archivos literarios del KGB
Guardat en:
| Autor principal: | |
|---|---|
| Format: | Llibre |
| Idioma: | espanyol |
| Publicat: |
Barcelona
Anaya
1994
|
| Col·lecció: | Pruebas al Canto
|
| Matèries: | |
| Etiquetes: |
Afegir etiqueta
Sense etiquetes, Sigues el primer a etiquetar aquest registre!
|
MARC
| LEADER | 00000nam a2200000 a 4500 | ||
|---|---|---|---|
| 001 | UCO6983 | ||
| 003 | CL-VaPUC | ||
| 008 | 001103e19940000SP |||||||||||||||||spa|d | ||
| 082 | 0 | 4 | |a 891.7 |b CHE |2 21 |
| 100 | 0 | |a Chentalinski, Vitali |e author |9 451595 | |
| 245 | 1 | 0 | |a De los archivos literarios del KGB |
| 300 | |a 549 p | ||
| 942 | |c BK | ||
| 945 | |d 20001103 00:00:00 |a vberengu | ||
| 260 | |a Barcelona |b Anaya |c 1994 | ||
| 600 | 0 | 7 | |a KGB |2 CL-VaPUC |9 381975 |
| 650 | 0 | |a Literatura rusa |9 318370 | |
| 650 | 7 | |a PRESOS POLITICOS |2 CL-VaPUC |9 451596 | |
| 650 | 0 | |a Relatos personales |9 255122 | |
| 583 | |a last modification |c 20001103 00:00:00 |k Rodrigo Vera | ||
| 490 | 0 | |a Pruebas al Canto | |
| 999 | |c 292216 |d 292214 | ||
| 952 | |0 0 |1 0 |4 0 |6 891_700000000000000_CHE_1994 |7 0 |8 A |9 342907 |a BIBHIS |b BIBHIS |d 2019-11-20 |i 3664554 |o 891.7 CHE 1994 |p 3664554 |r 2025-01-20 |w 2019-11-20 |y BK |k HIS | ||